[Event "Titled Tuesday intern op 23rd Apr Late"]
[Site "Chess.com INT"]
[Date "2024.04.23"]
[Round "11"]
[White "Yurtseven, Melih"]
[Black "Jing, Andrew"]
[Result "0-1"]
[WhiteElo "2333"]
[BlackElo "1965"]
[PlyCount "76"]
[EventDate "2024.04.23"]
[EventType "swiss (blitz)"]
[EventRounds "11"]
[EventCountry "USA"]
[SourceTitle "CB18_2024"]
[SourceDate "2024.05.01"]
[SourceVersion "1"]
[SourceVersionDate "2024.05.01"]
[SourceQuality "2"]

1. e4 c5 2. Nc3 e6 3. Nge2 Nc6 4. g3 a6 5. Bg2 b5 6. 0-0 Bb7 7. d4 cxd4 8. Nxd4 Rc8 9. Re1 Bc5 10. Nb3 Bb6 11. Qg4 Nf6 12. Qh4 h6 13. Nd5 Nxd5 14. Qxd8+ Nxd8 15. exd5 Rxc2 16. Be3 Bxe3 17. Rxe3 Rxb2 18. Nc5 Bc8 19. a4 0-0 20. Rd3 exd5 21. Rxd5 Ne6 22. Nxd7 Rd8 23. Nb6 Bb7 24. Rxd8+ Nxd8 25. Rd1 Nc6 26. Rd7 Rb1+ 27. Bf1 Na5 28. f3 g6 29. Kf2 Kg7 30. h4 Bxf3 31. axb5 Bh1 32. bxa6 Rxb6 33. a7 Rb2+ 34. Kg1 Bf3 35. Rd8 Rb1 36. Rb8 Rc1 37. Kf2 Bh1 38. Rb5 Nc4 0-1

[Event "Titled Tuesday intern op 16th Apr Late"]
[Site "Chess.com INT"]
[Date "2024.04.16"]
[Round "3"]
[White "Jarocka, Liwia"]
[Black "Jing, Andrew"]
[Result "1-0"]
[WhiteElo "2212"]
[BlackElo "1965"]
[PlyCount "153"]
[EventDate "2024.04.16"]
[EventType "swiss (blitz)"]
[EventRounds "11"]
[EventCountry "USA"]
[SourceTitle "CB17_2024"]
[SourceDate "2024.04.24"]
[SourceVersion "1"]
[SourceVersionDate "2024.04.24"]
[SourceQuality "1"]

1. g3 e5 2. Bg2 Nc6 3. d3 d5 4. Nf3 f6 5. 0-0 Be6 6. Nbd2 a6 7. e3 Bc5 8. b3 Nge7 9. Bb2 Ba7 10. Re1 0-0 11. c4 Rb8 12. Rc1 d4 13. exd4 Nxd4 14. Nxd4 Bxd4 15. Bxd4 Qxd4 16. Nf3 Qd7 17. d4 exd4 18. Qxd4 Nc6 19. Qxd7 Bxd7 20. Rcd1 Bg4 21. h3 Bxf3 22. Bxf3 Ne5 23. Bd5+ Kh8 24. Kg2 c6 25. Be4 Rbd8 26. f4 Nd7 27. Kf3 a5 28. Rd6 Nc5 29. Red1 Rxd6 30. Rxd6 Re8 31. Bf5 Kg8 32. Bc2 Re7 33. Kf2 Rd7 34. Rxd7 Nxd7 35. Ke3 Nc5 36. Kd4 Ne6+ 37. Ke3 Kf7 38. Bxh7 g6 39. f5 gxf5 40. Bxf5 Ng7 41. Bc8 b6 42. h4 f5 43. Kf3 Kf6 44. Bd7 c5 45. Bc6 Ne6 46. Bd5 Nd4+ 47. Kf2 Nc2 48. Ke2 Nb4 49. a3 Nc2 50. Kd2 Nd4 51. Kc3 Ne2+ 52. Kd2 Nxg3 53. Ke3 Ke5 54. Bf3 f4+ 55. Kd2 Nf5 56. h5 Nd4 57. Bd1 Kf6 58. Kd3 Ke5 59. a4 Nf5 60. Bf3 Nh4 61. Bd1 Nf5 62. Bf3 Nd6 63. h6 Kf6 64. h7 Kg7 65. Be4 Kh8 66. Bg6 Kg7 67. Ke2 Nc8 68. Kf3 Ne7 69. Bc2 Nc6 70. Kxf4 Nd4 71. Bd1 Kxh7 72. Ke5 Kg6 73. Kd6 Kf5 74. Kc7 Ke5 75. Kxb6 Ke6 76. Kxc5 Nf5 77. Bg4 1-0

[Event "Titled Tuesday intern op 02nd Apr Late"]
[Site "Chess.com INT"]
[Date "2024.04.02"]
[Round "4"]
[White "Aguilar, Adriano"]
[Black "Jing, Andrew"]
[Result "1-0"]
[WhiteElo "2258"]
[BlackElo "1965"]
[PlyCount "75"]
[EventDate "2024.04.02"]
[EventType "swiss (blitz)"]
[EventRounds "11"]
[EventCountry "USA"]
[SourceTitle "CB15_2024"]
[SourceDate "2024.04.10"]
[SourceVersion "1"]
[SourceVersionDate "2024.04.10"]
[SourceQuality "1"]

1. c4 Nf6 2. g3 g6 3. Bg2 Bg7 4. Nf3 0-0 5. d4 d6 6. 0-0 Nc6 7. Nc3 a6 8. d5 Na5 9. b3 c5 10. dxc6 Nxc6 11. Bb2 Qa5 12. Qc1 Bf5 13. Rd1 Rfc8 14. Nd5 Nxd5 15. Rxd5 Bxb2 16. Qxb2 Qc7 17. Rad1 Be6 18. R5d2 Rab8 19. Ng5 Bd7 20. Bd5 Nd8 21. Qd4 Bc6 22. Qh4 h5 23. g4 Bxd5 24. Rxd5 f6 25. Nf3 hxg4 26. Qxg4 Kf7 27. Nh4 g5 28. Qh5+ Kg8 29. Qg6+ Kf8 30. Nf5 Ne6 31. R1d3 Nf4 32. Qg7+ Ke8 33. Nxd6+ exd6 34. Re3+ Kd8 35. Qxf6+ Kd7 36. Re7+ Kc6 37. Rxc7+ Rxc7 38. Qxd6# 1-0

[Event "Titled Tuesday intern op 02nd Apr Late"]
[Site "Chess.com INT"]
[Date "2024.04.02"]
[Round "5"]
[White "Jing, Andrew"]
[Black "Jarocka, Liwia"]
[Result "1-0"]
[WhiteElo "1965"]
[BlackElo "2212"]
[PlyCount "73"]
[EventDate "2024.04.02"]
[EventType "swiss (blitz)"]
[EventRounds "11"]
[EventCountry "USA"]
[SourceTitle "CB15_2024"]
[SourceDate "2024.04.10"]
[SourceVersion "1"]
[SourceVersionDate "2024.04.10"]
[SourceQuality "1"]

1. d4 d5 2. Bf4 Nf6 3. e3 e6 4. Nd2 Bd6 5. Ngf3 0-0 6. Bd3 c5 7. c3 Qc7 8. Ne5 Nbd7 9. Ndf3 b6 10. 0-0 Bb7 11. Re1 Rac8 12. Rc1 Rfd8 13. h3 Ne4 14. Nxd7 Bxf4 15. exf4 Rxd7 16. Ne5 Rdd8 17. f3 Nf6 18. Qd2 Qe7 19. f5 cxd4 20. cxd4 Rxc1 21. Rxc1 Rc8 22. fxe6 fxe6 23. a3 Nh5 24. g4 Rxc1+ 25. Qxc1 Qh4 26. Qf1 Nf4 27. Kh2 g6 28. Bb5 Kg7 29. b4 a6 30. Bd3 a5 31. b5 Bc8 32. a4 Bd7 33. Nxd7 h5 34. Ne5 Qf6 35. Qf2 Nxd3 36. Nxd3 e5 37. dxe5 1-0

[Event "Titled Tuesday intern op 02nd Apr Late"]
[Site "Chess.com INT"]
[Date "2024.04.02"]
[Round "11"]
[White "Oliveira, Tiago Batista"]
[Black "Jing, Andrew"]
[Result "0-1"]
[WhiteElo "1964"]
[BlackElo "1965"]
[PlyCount "48"]
[EventDate "2024.04.02"]
[EventType "swiss (blitz)"]
[EventRounds "11"]
[EventCountry "USA"]
[SourceTitle "CB15_2024"]
[SourceDate "2024.04.10"]
[SourceVersion "1"]
[SourceVersionDate "2024.04.10"]
[SourceQuality "1"]

1. d4 Nf6 2. c4 e6 3. g3 c5 4. d5 b5 5. dxe6 fxe6 6. Bg2 d5 7. cxd5 exd5 8. Nc3 Bb7 9. Nxb5 Be7 10. e3 Nc6 11. Ne2 Qa5+ 12. Nbc3 d4 13. exd4 cxd4 14. Nxd4 Rd8 15. Bxc6+ Bxc6 16. 0-0 Ba8 17. Be3 0-0 18. Qb3+ Kh8 19. Ne6 Rb8 20. Qa4 Qf5 21. Ng5 h6 22. Qh4 Ng4 23. Bf4 Bxg5 24. Bxg5 Qf3 0-1

[Event "Foxwoods op 16th"]
[Site "Ledyard"]
[Date "2024.03.30"]
[Round "7"]
[White "Jing, Andrew"]
[Black "Yanayt, Eugene"]
[Result "0-1"]
[WhiteElo "1965"]
[BlackElo "2133"]
[PlyCount "106"]
[EventDate "2024.03.27"]
[EventType "swiss"]
[EventRounds "9"]
[EventCountry "USA"]
[SourceTitle "CB14_2024"]
[SourceDate "2024.04.01"]
[SourceVersion "1"]
[SourceVersionDate "2024.04.01"]
[SourceQuality "1"]

1. d4 Nf6 2. c4 g6 3. g3 Bg7 4. Bg2 0-0 5. Nc3 d6 6. Nf3 Nc6 7. 0-0 a6 8. b3 Rb8 9. d5 Na5 10. Rb1 Bf5 11. Rb2 Ne4 12. Nxe4 Bxe4 13. Nd4 Bxg2 14. Kxg2 c5 15. dxc6 bxc6 16. Rd2 Qc7 17. Nf3 Nb7 18. Qc2 a5 19. Ba3 Nd8 20. h4 Ne6 21. h5 c5 22. hxg6 hxg6 23. Qe4 a4 24. Rd3 axb3 25. axb3 Rb6 26. Rh1 Rfb8 27. Qh4 Rxb3 28. Qh7+ Kf8 29. Bc1 Rxd3 30. Bh6 Ke8 31. exd3 Bxh6 32. Rxh6 Nd8 33. Qh8+ Kd7 34. Qa1 Qb7 35. Rh7 Ra8 36. Qe1 Qb2 37. Ng5 Ra1 38. Qe3 Qb1 39. Qe2 Qb7+ 40. Nf3 g5 41. g4 Ne6 42. Rxf7 Nf4+ 43. Rxf4 gxf4 44. Qd2 e5 45. g5 Qb1 46. Nh2 Qh1+ 47. Kh3 Rg1 48. f3 Rxg5 49. Qb2 Ke6 50. d4 Rg3+ 51. Kh4 Rg2 52. d5+ Kf5 53. Qb1+ Qxb1 0-1

[Event "Titled Tuesday intern op 27th Feb Late"]
[Site "Chess.com INT"]
[Date "2024.02.27"]
[Round "11"]
[White "Jing, Andrew"]
[Black "Reprintsev, Alexander"]
[Result "0-1"]
[WhiteElo "1945"]
[BlackElo "2241"]
[PlyCount "62"]
[EventDate "2024.02.27"]
[EventType "swiss (blitz)"]
[EventRounds "11"]
[EventCountry "USA"]
[SourceTitle "CB10_2024"]
[SourceDate "2024.03.06"]
[SourceVersion "1"]
[SourceVersionDate "2024.03.06"]
[SourceQuality "1"]

1. d4 d5 2. Bf4 Nf6 3. e3 c5 4. Nf3 Bd7 5. c4 Nc6 6. Nc3 cxd4 7. exd4 e6 8. c5 b6 9. Nb5 Rc8 10. Nd6+ Bxd6 11. Bxd6 Ne4 12. Ba6 Nxd6 13. cxd6 Rb8 14. Qd2 0-0 15. Ne5 f6 16. Nxc6 Bxc6 17. Qb4 b5 18. a4 bxa4 19. Qc5 Qb6 20. 0-0 Qxa6 21. Rfc1 Bd7 22. Qc7 Rfd8 23. Rc5 Qb6 24. h4 Qxb2 25. Rac1 Qxd4 26. Qxa7 Ra8 27. Qc7 a3 28. Ra5 a2 29. Rxa2 Rac8 30. Ra8 Rxa8 31. Qb6 Qxb6 0-1

[Event "Titled Tuesday intern op 27th Feb Late"]
[Site "Chess.com INT"]
[Date "2024.02.27"]
[Round "2"]
[White "Jing, Andrew"]
[Black "Srdanovic, Jovana"]
[Result "0-1"]
[WhiteElo "1945"]
[BlackElo "2107"]
[PlyCount "132"]
[EventDate "2024.02.27"]
[EventType "swiss (blitz)"]
[EventRounds "11"]
[EventCountry "USA"]
[SourceTitle "CB10_2024"]
[SourceDate "2024.03.06"]
[SourceVersion "1"]
[SourceVersionDate "2024.03.06"]
[SourceQuality "1"]

1. d4 Nf6 2. c4 g6 3. Nf3 Bg7 4. Nc3 0-0 5. g3 d5 6. cxd5 Nxd5 7. Bg2 Nc6 8. e4 Nxc3 9. bxc3 Bg4 10. h3 Bxf3 11. Bxf3 e5 12. d5 Na5 13. 0-0 b6 14. Qd3 Nb7 15. Ba3 Re8 16. h4 h5 17. Kg2 Bf8 18. Bb2 Nc5 19. Qc4 a6 20. a4 a5 21. Ba3 Bd6 22. Bxc5 Bxc5 23. Rad1 Qd6 24. Qb5 Rf8 25. Qc6 Rad8 26. Be2 Qe7 27. Qb5 Rd6 28. Rde1 Kh7 29. Bd3 Rg8 30. c4 g5 31. hxg5 Qxg5 32. Rh1 h4 33. Rh3 Rh6 34. Reh1 Bxf2 35. Qd7 Bxg3 36. Qxf7+ Rg7 37. Qf5+ Qxf5 38. exf5 Bf4+ 39. Kf3 Rg3+ 40. Rxg3 Bxg3 41. Kg4 Kg7 42. Be4 Kf6 43. Kh3 Rh8 44. Rg1 Rg8 45. Rg2 Rg5 46. Rg1 Rxf5 47. Bxf5 Kxf5 48. Rf1+ Ke4 49. Rf7 Kd3 50. Rxc7 e4 51. Rc6 e3 52. Re6 e2 53. d6 Kd2 54. d7 Bc7 55. Rd6+ Bxd6 56. d8Q e1Q 57. Qxd6+ Kc2 58. Qg6+ Kb3 59. Qxb6+ Ka2 60. Qg6 Qh1+ 61. Kg4 Qg1+ 62. Kf5 Qxg6+ 63. Kxg6 h3 64. c5 h2 65. c6 h1Q 66. c7 Qc6+ 0-1

[Event "Titled Tuesday intern op 13th Feb Late"]
[Site "Chess.com INT"]
[Date "2024.02.13"]
[Round "4"]
[White "Budhidharma, Nayaka"]
[Black "Jing, Andrew"]
[Result "1-0"]
[WhiteElo "2137"]
[BlackElo "1945"]
[PlyCount "35"]
[EventDate "2024.02.13"]
[EventType "swiss (blitz)"]
[EventRounds "11"]
[EventCountry "USA"]
[SourceTitle "CB08_2024"]
[SourceDate "2024.02.21"]
[SourceVersion "1"]
[SourceVersionDate "2024.02.21"]
[SourceQuality "1"]

1. e4 e5 2. Nf3 Nc6 3. d4 exd4 4. Nxd4 Nf6 5. Nxc6 bxc6 6. e5 Qe7 7. Qe2 Nd5 8. h4 a5 9. g3 Ba6 10. c4 g6 11. Bg2 Bg7 12. 0-0 Nb6 13. b3 Bxe5 14. Re1 d6 15. Bxc6+ Kd8 16. Bxa8 Nxa8 17. Bb2 f6 18. f4 1-0

[Event "Titled Tuesday intern op 13th Feb Late"]
[Site "Chess.com INT"]
[Date "2024.02.13"]
[Round "9"]
[White "Stachanczyk, Jacek"]
[Black "Jing, Andrew"]
[Result "0-1"]
[WhiteElo "2077"]
[BlackElo "1945"]
[PlyCount "168"]
[EventDate "2024.02.13"]
[EventType "swiss (blitz)"]
[EventRounds "11"]
[EventCountry "USA"]
[SourceTitle "CB08_2024"]
[SourceDate "2024.02.21"]
[SourceVersion "1"]
[SourceVersionDate "2024.02.21"]
[SourceQuality "1"]

1. e4 e5 2. Nf3 Nc6 3. Bb5 a6 4. Ba4 Nf6 5. 0-0 Be7 6. Re1 b5 7. Bb3 0-0 8. a4 b4 9. c3 Bb7 10. d4 d6 11. Bc2 a5 12. d5 Nb8 13. c4 Nbd7 14. b3 Nc5 15. Nbd2 Re8 16. Nf1 Bf8 17. Ng3 g6 18. h3 Bg7 19. Bg5 h6 20. Be3 Bc8 21. Qd2 Kh7 22. Rac1 Nfd7 23. Rf1 Bb7 24. Kh2 Qe7 25. Ng1 Rf8 26. N1e2 Rad8 27. f4 exf4 28. Nxf4 Ne5 29. Kh1 Ncd7 30. Nfe2 c5 31. dxc6 Nxc6 32. Nd4 Nxd4 33. Bxd4 Bxd4 34. Qxd4 Qe5 35. Qxe5 dxe5 36. Rcd1 Kg7 37. Rd6 Nc5 38. Rfd1 Rxd6 39. Rxd6 Rc8 40. Kg1 Kf8 41. Kf2 Ke7 42. Rd2 h5 43. Ke3 Rd8 44. Rxd8 Kxd8 45. Nf1 Ke7 46. Nd2 h4 47. Nf3 Kf6 48. Nxh4 Ne6 49. Nf3 Nf4 50. Ne1 g5 51. Bd1 Ne6 52. Nd3 Bc6 53. g3 Nd4 54. h4 gxh4 55. gxh4 Ke7 56. h5 f6 57. Nc5 Kf7 58. Bg4 Kg7 59. Ne6+ Nxe6 60. Bxe6 Kh6 61. Bd5 Bd7 62. c5 Kxh5 63. c6 Bc8 64. Kd3 Kg4 65. Kc4 f5 66. exf5 Kxf5 67. Kc5 e4 68. Kb6 e3 69. Bc4 Ke5 70. Kxa5 Kd6 71. Kb6 Be6 72. Be2 Bxb3 73. a5 Be6 74. a6 b3 75. a7 b2 76. Bd3 e2 77. a8Q e1Q 78. Qd8+ Ke5 79. c7 Qb4+ 80. Bb5 b1Q 81. Qg5+ Kd4 82. Qf4+ Kc3 83. Qe3+ Kb2 84. Qd2+ Qxd2 0-1

[Event "Titled Tuesday intern op 06th Feb Late"]
[Site "Chess.com INT"]
[Date "2024.02.06"]
[Round "5"]
[White "De Boer, Eelke"]
[Black "Jing, Andrew"]
[Result "0-1"]
[WhiteElo "2396"]
[BlackElo "1945"]
[PlyCount "192"]
[EventDate "2024.02.06"]
[EventType "swiss (blitz)"]
[EventRounds "11"]
[EventCountry "USA"]
[SourceTitle "CB07_2024"]
[SourceDate "2024.02.14"]
[SourceVersion "1"]
[SourceVersionDate "2024.02.14"]
[SourceQuality "1"]

1. e4 c5 2. Nf3 d6 3. d4 cxd4 4. Nxd4 Nf6 5. Nc3 e5 6. Bb5+ Nbd7 7. Nf5 a6 8. Bxd7+ Qxd7 9. Bg5 Nxe4 10. Nxg7+ Bxg7 11. Nxe4 d5 12. Bf6 dxe4 13. Bxg7 Rg8 14. Bxe5 Qxd1+ 15. Rxd1 Rxg2 16. Bg3 Bg4 17. Rd4 Bf3 18. Rf1 Rd8 19. Rxd8+ Kxd8 20. Kd2 h5 21. h4 Kd7 22. Ke3 Ke6 23. c4 f5 24. Rc1 Kd7 25. b4 Kc6 26. a4 Bg4 27. c5 Bf3 28. Rb1 Bg4 29. Kf4 Bf3 30. Rc1 Bg4 31. Ke5 e3 32. b5+ axb5 33. axb5+ Kxb5 34. Rc2 exf2 35. Bxf2 Kc6 36. Kd4 f4 37. Rd2 f3 38. Ke3 Rh2 39. Rc2 Rh1 40. Kf4 Rf1 41. Kg3 Rd1 42. Rb2 Rd7 43. Rb6+ Kd5 44. Rb4 Rc7 45. Rd4+ Ke6 46. Re4+ Kf5 47. Rd4 Ke5 48. Rd6 Rc6 49. Rd8 Ke4 50. Re8+ Kd3 51. Re3+ Kd2 52. Re5 Kd3 53. Kf4 Rf6+ 54. Kg5 Rc6 55. Rd5+ Ke2 56. Bg3 f2 57. Re5+ Kf1 58. Rd5 Kg2 59. Bxf2 Kxf2 60. Kf4 Rf6+ 61. Ke5 Rf5+ 62. Kd6 Rxd5+ 63. Kxd5 Bf3+ 64. Ke5 Bc6 65. Kf4 Kg2 66. Kg5 Bf3 67. Kf4 Bc6 68. Kg5 Bf3 69. Kf4 Kf2 70. Kf5 Kg3 71. Kg5 Kh3 72. Kf4 Bg4 73. Kg5 Kg3 74. Kf6 Kxh4 75. Ke5 Bf3 76. Kd6 Bc6 77. Kc7 Kg3 78. Kb6 h4 79. Ka5 h3 80. Kb4 h2 81. Ka5 h1Q 82. Kb6 Qh7 83. Ka5 Qd7 84. Kb6 Qd5 85. Kc7 Qxc5 86. Kd8 Qd6+ 87. Kc8 Qe6+ 88. Kc7 b5 89. Kb6 b4 90. Kc5 b3 91. Kd4 b2 92. Kc5 b1Q 93. Kd4 Qbe4+ 94. Kc3 Q6c4+ 95. Kb2 Qec2+ 96. Ka3 Q4a4# 0-1

[Event "Titled Tuesday intern op 06th Feb Late"]
[Site "Chess.com INT"]
[Date "2024.02.06"]
[Round "1"]
[White "Jing, Andrew"]
[Black "Banerjee, Supratit"]
[Result "1-0"]
[WhiteElo "1945"]
[BlackElo "2137"]
[PlyCount "135"]
[EventDate "2024.02.06"]
[EventType "swiss (blitz)"]
[EventRounds "11"]
[EventCountry "USA"]
[SourceTitle "CB07_2024"]
[SourceDate "2024.02.14"]
[SourceVersion "1"]
[SourceVersionDate "2024.02.14"]
[SourceQuality "1"]

1. e4 e6 2. d4 d5 3. Nd2 dxe4 4. Nxe4 Nd7 5. Nf3 Ngf6 6. Bd3 Nxe4 7. Bxe4 Nf6 8. Bd3 c5 9. dxc5 Bxc5 10. Bb5+ Bd7 11. Bxd7+ Qxd7 12. 0-0 0-0-0 13. Qe2 h5 14. Bg5 Bd6 15. Rad1 Qc7 16. h3 Be7 17. Ne5 Bc5 18. c3 Rd5 19. Bxf6 gxf6 20. Rxd5 exd5 21. Nf3 Rg8 22. Qd3 Qg3 23. Qf5+ Kb8 24. Ne1 Qg5 25. Qf3 Bd6 26. Nd3 Bc7 27. Re1 b6 28. Re2 Rd8 29. b3 a5 30. a4 d4 31. c4 Qg6 32. h4 Rg8 33. g3 Qg4 34. Qxg4 Rxg4 35. Kg2 f5 36. Re8+ Kb7 37. Re7 f4 38. Nxf4 Kb8 39. Nd3 Rg7 40. Kf3 Kc8 41. Re4 f5 42. Rxd4 Re7 43. Rd5 Rf7 44. Ne5 Re7 45. Nd3 Rf7 46. c5 bxc5 47. Rxc5 Kb7 48. Rb5+ Kc6 49. Ne5+ Bxe5 50. Rxe5 Rb7 51. Rxa5 Rxb3+ 52. Kf4 Rb2 53. Rxf5 Rxf2+ 54. Kg5 Ra2 55. Kxh5 Rxa4 56. g4 Kd6 57. g5 Ke6 58. Rf1 Ke7 59. g6 Ra5+ 60. Kh6 Ra4 61. h5 Ra6 62. Kg7 Ra7 63. Rf7+ Ke8 64. Rxa7 Kd8 65. h6 Kc8 66. h7 Kb8 67. Rf7 Ka8 68. h8R# 1-0

[Event "Titled Tuesday intern op 06th Feb Late"]
[Site "Chess.com INT"]
[Date "2024.02.06"]
[Round "6"]
[White "Jing, Andrew"]
[Black "Demidov, Mikhail"]
[Result "0-1"]
[WhiteElo "1945"]
[BlackElo "2546"]
[PlyCount "70"]
[EventDate "2024.02.06"]
[EventType "swiss (blitz)"]
[EventRounds "11"]
[EventCountry "USA"]
[SourceTitle "CB07_2024"]
[SourceDate "2024.02.14"]
[SourceVersion "1"]
[SourceVersionDate "2024.02.14"]
[SourceQuality "1"]

1. d4 g6 2. e4 Bg7 3. c4 d6 4. Be3 c5 5. Nc3 cxd4 6. Bxd4 Nf6 7. f3 Nc6 8. Be3 0-0 9. Bd3 e6 10. Nge2 d5 11. cxd5 exd5 12. exd5 Nxd5 13. Nxd5 Qxd5 14. Rb1 Rd8 15. Be4 Qa5+ 16. Bd2 Qb6 17. Qc2 Be6 18. Bxc6 bxc6 19. b3 Bf5 20. Qc1 Bxb1 21. Qxb1 Rd5 22. Qc1 Re8 23. Qc4 Rde5 24. Kd1 Rxe2 25. Qxe2 Rxe2 26. Kxe2 Qa6+ 27. Ke3 Bh6+ 28. Ke4 Bxd2 29. Ra1 Qe2+ 30. Kd4 Bf4 31. Kc5 Qe5+ 32. Kxc6 Qxa1 33. Kb7 Qxa2 34. Ka8 Qxb3 35. g4 Qb8# 0-1

[Event "Titled Tuesday intern op 23rd Jan Late"]
[Site "Chess.com INT"]
[Date "2024.01.23"]
[Round "5"]
[White "Jing, Andrew"]
[Black "Grinev, Valeriy"]
[Result "1/2-1/2"]
[WhiteElo "1953"]
[BlackElo "2422"]
[PlyCount "112"]
[EventDate "2024.01.23"]
[EventType "swiss (blitz)"]
[EventRounds "11"]
[EventCountry "USA"]
[SourceTitle "CB05_2024"]
[SourceDate "2024.01.31"]
[SourceVersion "1"]
[SourceVersionDate "2024.01.31"]
[SourceQuality "1"]

1. d4 c5 2. d5 d6 3. c4 a6 4. Nc3 g6 5. e4 Bg7 6. Nf3 Nf6 7. g3 0-0 8. Bg2 e6 9. 0-0 exd5 10. exd5 Bg4 11. h3 Bxf3 12. Bxf3 Nbd7 13. Be2 Re8 14. a4 Ne4 15. Nxe4 Rxe4 16. Bd3 Re8 17. f4 f5 18. Kg2 Nf6 19. Qf3 Ne4 20. Re1 Qa5 21. Re2 Nf6 22. Bd2 Qb6 23. Bc3 Rxe2+ 24. Qxe2 Re8 25. Qc2 Ne4 26. Re1 Bxc3 27. bxc3 Nf6 28. Rxe8+ Nxe8 29. Qb1 Qxb1 30. Bxb1 a5 31. Bd3 Nf6 32. Kf3 Nd7 33. Bc2 Nb6 34. Bb3 Kg7 35. g4 Kf6 36. g5+ Ke7 37. Ke3 Nd7 38. h4 Kf7 39. Bc2 Nb6 40. Bb3 Kg7 41. Kd3 h6 42. Ke3 hxg5 43. hxg5 Kf7 44. Kd3 Na8 45. Bd1 Nc7 46. Kc2 Ne8 47. Kd3 Ng7 48. Ke3 Ke7 49. Bf3 Ne8 50. Bd1 Nc7 51. Kd3 Na8 52. Bc2 Nb6 53. Bb3 Nd7 54. Bc2 Nb6 55. Bb3 Nd7 56. Bc2 Nb6 1/2-1/2

[Event "Titled Tuesday intern op 23rd Jan Late"]
[Site "Chess.com INT"]
[Date "2024.01.23"]
[Round "8"]
[White "Jing, Andrew"]
[Black "Maltsevskaya, Aleksandra"]
[Result "0-1"]
[WhiteElo "1953"]
[BlackElo "2378"]
[PlyCount "74"]
[EventDate "2024.01.23"]
[EventType "swiss (blitz)"]
[EventRounds "11"]
[EventCountry "USA"]
[SourceTitle "CB05_2024"]
[SourceDate "2024.01.31"]
[SourceVersion "1"]
[SourceVersionDate "2024.01.31"]
[SourceQuality "1"]

1. d4 Nf6 2. c4 g6 3. g3 d6 4. Bg2 Bg7 5. Nf3 0-0 6. 0-0 Nbd7 7. Nc3 e5 8. e4 exd4 9. Nxd4 Nc5 10. Re1 Re8 11. Bf4 Ng4 12. h3 Ne5 13. Bf1 Ned3 14. Bxd3 Bxd4 15. Bc2 Bxc3 16. bxc3 Bxh3 17. f3 Be6 18. Kf2 Qf6 19. Qd4 Nd7 20. Rab1 b6 21. Bd3 Ne5 22. Kg2 Rad8 23. a4 c5 24. Qe3 Nc6 25. Bg5 Qxc3 26. Bxd8 Rxd8 27. Rh1 Bxc4 28. Rbd1 Ne5 29. Qg5 Re8 30. Bxc4 Qxf3+ 31. Kh2 Nxc4 32. Rhf1 Qe2+ 33. Kh3 Ne3 34. Qf6 Qg2+ 35. Kh4 Qh2+ 36. Kg5 Qxg3+ 37. Kh6 Ng4+ 0-1

[Event "Titled Tuesday intern op 23rd Jan Late"]
[Site "Chess.com INT"]
[Date "2024.01.23"]
[Round "11"]
[White "Jing, Andrew"]
[Black "Tokhirjonova, Gulruhbegim"]
[Result "0-1"]
[WhiteElo "1953"]
[BlackElo "2370"]
[PlyCount "92"]
[EventDate "2024.01.23"]
[EventType "swiss (blitz)"]
[EventRounds "11"]
[EventCountry "USA"]
[SourceTitle "CB05_2024"]
[SourceDate "2024.01.31"]
[SourceVersion "1"]
[SourceVersionDate "2024.01.31"]
[SourceQuality "1"]

1. d4 d5 2. Bf4 Nf6 3. e3 c6 4. c4 e6 5. Nc3 Bd6 6. Bg3 0-0 7. Nf3 b6 8. Ne5 Bb7 9. f4 Nbd7 10. Bh4 Be7 11. Bd3 Nxe5 12. fxe5 Ne8 13. Bxe7 Qxe7 14. cxd5 exd5 15. 0-0 c5 16. Qh5 g6 17. Qh6 Ng7 18. Rf6 Nh5 19. Raf1 Rae8 20. g4 Nxf6 21. Rxf6 Qd7 22. Qg5 Re6 23. h3 Rfe8 24. Bb5 Bc6 25. Bxc6 Qxc6 26. Rf4 cxd4 27. exd4 b5 28. a3 a5 29. Ne2 Qc2 30. Kf2 f6 31. Qh4 fxe5 32. dxe5 Rxe5 33. Qf6 Qxe2+ 34. Kg3 Qe1+ 35. Rf2 R5e7 36. Kh4 Qe5 37. Qf3 d4 38. Qb3+ Kg7 39. Qd3 Qe3 40. Qf1 Qh6+ 41. Kg3 Qe3+ 42. Kh4 d3 43. Rf3 g5+ 44. Kh5 Qe6 45. Kxg5 Qh6+ 46. Kf5 Rf8# 0-1

[Event "Titled Tuesday intern op 23rd Jan Late"]
[Site "Chess.com INT"]
[Date "2024.01.23"]
[Round "2"]
[White "Kramnik, Vladimir"]
[Black "Jing, Andrew"]
[Result "1/2-1/2"]
[WhiteElo "2753"]
[BlackElo "1953"]
[PlyCount "150"]
[EventDate "2024.01.23"]
[EventType "swiss (blitz)"]
[EventRounds "11"]
[EventCountry "USA"]
[SourceTitle "CB05_2024"]
[SourceDate "2024.01.31"]
[SourceVersion "1"]
[SourceVersionDate "2024.01.31"]
[SourceQuality "1"]

1. e4 c5 2. Nf3 d6 3. c3 Nf6 4. g3 Nc6 5. d3 g6 6. Bg2 Bg7 7. 0-0 0-0 8. Re1 Rb8 9. a4 a6 10. h3 b5 11. axb5 axb5 12. d4 Bd7 13. dxc5 dxc5 14. Bf4 Rc8 15. e5 Nh5 16. Bg5 f6 17. Be3 Nxe5 18. Nxe5 fxe5 19. Nd2 c4 20. Ra7 Nf6 21. Ne4 Bf5 22. Nc5 h5 23. Qxd8 Rfxd8 24. Rb7 Nd5 25. Rxb5 Nxe3 26. fxe3 Bd3 27. Ne6 Rd6 28. Nxg7 Kxg7 29. Rxe5 Kf6 30. Rb5 Rdd8 31. g4 hxg4 32. hxg4 Rb8 33. g5+ Kg7 34. Re5 Rd7 35. Ra1 Rxb2 36. Ra8 Rb1+ 37. Kh2 Rb2 38. Kg3 Rb6 39. Bd5 Rxd5 40. Rxd5 Be4 41. Rad8 Bxd5 42. Rxd5 Rc6 43. Kf4 Kf7 44. Ke5 Re6+ 45. Kd4 Kg7 46. e4 Kf7 47. Rc5 Rd6+ 48. Kxc4 Rd1 49. Rd5 Re1 50. Kd4 Ke6 51. c4 Rd1+ 52. Ke3 Re1+ 53. Kd3 Rd1+ 54. Kc3 Rc1+ 55. Kd4 Rd1+ 56. Kc5 Re1 57. Rd4 Ke5 58. Rd7 e6 59. Rg7 Rxe4 60. Rxg6 Kf5 61. Rg8 Re1 62. Kd6 e5 63. c5 e4 64. g6 e3 65. g7 Kg6 66. Kc7 Rc1 67. c6 Kf7 68. Rf8+ Kxg7 69. Re8 Rc3 70. Kd7 Kf6 71. Re6+ Kf5 72. Re8 Kf4 73. c7 Rxc7+ 74. Kxc7 Kf3 75. Rxe3+ Kxe3 1/2-1/2

[Event "Titled Tuesday intern op 23rd Jan Late"]
[Site "Chess.com INT"]
[Date "2024.01.23"]
[Round "7"]
[White "Morales Garcia, Sergio Joshafatt"]
[Black "Jing, Andrew"]
[Result "0-1"]
[WhiteElo "2249"]
[BlackElo "1953"]
[PlyCount "82"]
[EventDate "2024.01.23"]
[EventType "swiss (blitz)"]
[EventRounds "11"]
[EventCountry "USA"]
[SourceTitle "CB05_2024"]
[SourceDate "2024.01.31"]
[SourceVersion "1"]
[SourceVersionDate "2024.01.31"]
[SourceQuality "1"]

1. d4 Nf6 2. c4 g6 3. Nc3 Bg7 4. e4 d6 5. Nf3 0-0 6. Be2 e5 7. Be3 Ng4 8. Bg5 f6 9. Bh4 g5 10. Bg3 Nc6 11. d5 Ne7 12. Nd2 Nh6 13. f3 f5 14. b4 f4 15. Bf2 a5 16. a3 Ng6 17. c5 Bd7 18. cxd6 cxd6 19. Nb5 Bxb5 20. Bxb5 axb4 21. axb4 Rxa1 22. Qxa1 g4 23. Qa7 Qc7 24. 0-0 Bf6 25. Qb6 Qc3 26. Be1 Qxb4 27. Nc4 Qb3 28. Nxd6 Bd8 29. Qxb7 Be7 30. Bc4 Qc2 31. Nf5 Nxf5 32. exf5 Bc5+ 33. Bf2 Qxc4 34. fxg6 hxg6 35. Qd7 g3 36. Bxc5 Qxc5+ 37. Kh1 gxh2 38. Rb1 Rf7 39. Qe6 Kg7 40. Qxe5+ Kh6 41. Rb8 Qg1# 0-1